| 000 | 00459nam a22001697a 4500 | ||
|---|---|---|---|
| 020 | _a9812530797 | ||
| 082 |
_222 _a621.3678 |
||
| 100 | _aLIllesand, Thomas M ...[et al.]. | ||
| 245 | _aRemote sensing and image interpretation / | ||
| 250 | _a5th. | ||
| 260 |
_aNew Delhi, _bWiley India, _cc2004. |
||
| 300 |
_axiv, 763 p. ; _bill. ; _c24 cm. |
||
| 700 | _aKlefer, Ralph W. | ||
| 700 | _aChipman, Jonathan W. | ||
| 942 |
_2ddc _cCIVIL _02 |
||
| 999 |
_c407 _d407 |
||
| 999 |
_c465 _d465 |
||